Name a valid Gracie Abrams song #1 - Statistics

General Stats
  • This quiz has been taken 178 times
  • The average score is 10 of 10
Answer Stats
Hint Answer % Correct
Name a song beginning with the letter 'F' Fault line | Feels Like | Felt Good About You | For Real This Time | Free Now | Friend | Full machine
99%
Name a song with 5 or more words in the title I miss you, I'm sorry | I know it won't work | Where do we go now? | This is what the drugs are for | I Love You, I'm Sorry | I Knew It, I Know You | Gave You I Gave You I | Call Me When You Break Up
99%
Name a song that is a collab/feature Pad Thai | Unlearn | Everywhere, Everything | us. | Call Me When You Break Up
99%
Name a song from the Good Riddance Tour setlist Where do we go now? | This is what the drugs are for | 21 | Block me out | I should hate you | Friend | I know it won't work | Full machine | Amelie | Rockland | Will you cry? | Difficult | Camden | Fault line | Best | Feels Like | Minor | I miss you, I'm sorry | Right now
99%
Name a deluxe track from The Secret of Us Cool | That's So True | I Told You Things | Packing It Up
97%
Name a song with an official live version released I know it won't work | Everywhere, Everything | I Love You, I'm Sorry | I Knew It, I Know You | Free Now | That's So True | Death Wish
97%
Name a song from This Is What It Feels Like Feels Like | Rockland | For Real This Time | Camden | The Bottom | Wishful Thinking | Older | Better | Hard to Sleep | Augusta | Painkillers | Alright
96%
Name a single from The Secret of Us Risk | Close To You | I Love You, I'm Sorry | That's So True
96%
Name a track 1 Friend | Feels Like | Best | Felt Good About You
91%
Name a song marked as explicit on Spotify Unlearn | The Bottom | I should hate you | I Love You, I'm Sorry | us. | Let It Happen | Tough Love | Cool | That's So True
91%
No matching quizzes found
Score Distribution
Percent of People with Each Score
Percentile by Number Answered
Your Score History
You have not taken this quiz